000
00316nam a22001337a 4500
003
OSt
005
20231128142647.0
008
231128b |||||||| |||| 00| 0 eng d
040
_c
CO-JMCR
082
_a
A /
_b
TORm
100
_a
Torres Miguel
_e
autor
_9
698
245
_a
Amor ciego /
_c
Miguel Torres
942
_2
ddc
_c
BK
999
_c
30404
_d
16788